Territories of the British Empire - Sudden Death - Statistics

General Stats
  • This quiz has been taken 106 times
  • The average score is 9 of 18
Answers on the Grid
Answers color-coded by a green-red scale on the quiz's grid according to % correct below.
Nigeria
Saint Martin
Gold Coast
Northern Rhodesia
Trucial States
Irish Free State
Caroline Islands
New Caledonia
Jersey
Nyasaland
Rio de Oro
Basutoland
Wallis and Futuna
Union of South Africa
British Congo
Zanzibar
British Honduras
Mali
Jamaica
Taiwan
Windward Islands
Ceylon
Cyprus
Bermuda
Egypt
British Siam
British West Africa
British Somaliland
 
Answer Stats
Answer % Correct
Nigeria
91%
Northern Rhodesia
76%
Jersey
62%
British Honduras
58%
Gold Coast
58%
Jamaica
53%
Zanzibar
53%
Bermuda
51%
Irish Free State
51%
Union of South Africa
51%
Ceylon
49%
Egypt
49%
Cyprus
44%
Nyasaland
44%
Basutoland
40%
British Somaliland
38%
Trucial States
31%
Windward Islands
27%
No matching quizzes found
Score Distribution
Percent of People with Each Score
Percentile by Number Answered
Your Score History
You have not taken this quiz